000
00221nam a22000977a 4500
041
_a
eng
080
_a
80
100
_a
Левинская, С. И.
245
_a
Русско-польский словарь.
999
_c
279548
_d
279548
942
_c
BK